La negociación colectiva: entre tradición y renovación

Сохранить в:
Библиографические подробности
Главный автор: Valdés Dal-Ré, Fernando (Автор)
Формат:
Язык:испанский
Опубликовано: Granada Comares S. L 2012
Редактирование:1a. ed
Серии:Colección Crítica del Derecho, 102
Предметы:
Метки: Добавить метку
Нет меток, Требуется 1-ая метка записи!

MARC

LEADER 00000cam a2200000 a 4500
001 UCE7734
003 CL-VaPUC
008 150703e20120000sp |||||||||||||||||spa|d
020 |a 9788498369168 
082 0 4 |a 344.946  |b VAL  |2 21 
100 0 |a Valdés Dal-Ré, Fernando  |e author  |9 580424 
245 1 3 |a La negociación colectiva: entre tradición y renovación 
250 |a 1a. ed 
300 |a 465 p 
942 |c BK 
945 |d 20150703 10:05:00  |a dcastane 
260 |a Granada  |b Comares S. L  |c 2012 
650 0 |a Negociación colectiva  |9 312433 
650 7 |a DERECHO LABORAL  |2 CL-VaPUC  |9 15 
583 |a last modification  |c 20170803 01:43:20  |k Rodrigo Vera 
490 0 |a Colección Crítica del Derecho, 102 
999 |c 359765  |d 359763 
952 |0 0  |1 0  |3 erb  |4 0  |6 344_946000000000000_VAL_2012  |7 0  |8 A  |9 469304  |a BIBDER  |b BIBDER  |i 5169224  |o 344.946 VAL 2012  |p 5169224  |r 2023-01-25  |w 2019-11-23  |y BK  |z Catalogado en:20150703  |k DER